INTRODUCTION TO SHIP ENGINE ROOM SYSTEMS (Record no. 3044)

000 -LEADER
fixed length control field 02464cam a2200481M 4500
006 - FIXED-LENGTH DATA ELEMENTS--ADDITIONAL MATERIAL CHARACTERISTICS--GENERAL INFORMATION
fixed length control field m o d
007 - PHYSICAL DESCRIPTION FIXED FIELD--GENERAL INFORMATION
fixed length control field cr |n|||||||||
008 - FIXED-LENGTH DATA ELEMENTS--GENERAL INFORMATION
fixed length control field 230302s2023 xx o 0|| 0 eng d
040 ## - CATALOGING SOURCE
Original cataloging agency IMU Kochi Library
Language of cataloging eng
040 ## - CATALOGING SOURCE
Original cataloging agency
Language of cataloging eng
020 ## - INTERNATIONAL STANDARD BOOK NUMBER
International Standard Book Number 9781000836561
Qualifying information (electronic bk.)
020 ## - INTERNATIONAL STANDARD BOOK NUMBER
International Standard Book Number 1000836568
Qualifying information (electronic bk.)
020 ## - INTERNATIONAL STANDARD BOOK NUMBER
International Standard Book Number 9781003321095
Qualifying information (electronic bk.)
020 ## - INTERNATIONAL STANDARD BOOK NUMBER
International Standard Book Number 1003321097
Qualifying information (electronic bk.)
020 ## - INTERNATIONAL STANDARD BOOK NUMBER
International Standard Book Number 9781000836608
Qualifying information (electronic bk. : EPUB)
020 ## - INTERNATIONAL STANDARD BOOK NUMBER
International Standard Book Number 1000836606
Qualifying information (electronic bk. : EPUB)
041 0# - LANGUAGE CODE
Language code of text/sound track or separate title eng
072 #7 - SUBJECT CATEGORY CODE
Subject category code TRA
Subject category code subdivision 006030
Source bisacsh
072 #7 - SUBJECT CATEGORY CODE
Subject category code TEC
Subject category code subdivision 046000
Source bisacsh
072 #7 - SUBJECT CATEGORY CODE
Subject category code KNGS
Source bicssc
082 04 - DEWEY DECIMAL CLASSIFICATION NUMBER
Classification number 623.87
Edition number 23/eng/20230120
100 1# - MAIN ENTRY--PERSONAL NAME
Personal name Olsen, Alexander Arnfinn.
245 10 - TITLE STATEMENT
Title INTRODUCTION TO SHIP ENGINE ROOM SYSTEMS
Medium [electronic resource].
260 ## - PUBLICATION, DISTRIBUTION, ETC. (IMPRINT)
Place of publication, distribution, etc [S.l.] :
Name of publisher, distributor, etc ROUTLEDGE,
Date of publication, distribution, etc 2023.
300 ## - PHYSICAL DESCRIPTION
Extent 1 online resource
520 ## - SUMMARY, ETC.
Summary, etc Introduction to Ship Engine Room Systems outlines the key systems, machinery and equipment found in a ship's engine room. It explores the basics of their function with overall practical guidance for engine room operation and maintenance, recognising emerging environmental challenges. It covers the following topics: The role and function of the steering and propulsion systems Power generation The heating, ventilation, and air conditioning systems The water management system Engine room fires and emergency response systems Engine room watch procedures and checklists The book serves as an accessible introductory text for engineering students at HNC, HND, and foundation degree level, marine engineering cadets, and non-engineering marine professionals such as deck officers and cadets who want a general guide to how the engine room functions.
650 #0 - SUBJECT ADDED ENTRY--TOPICAL TERM
Topical term or geographic name as entry element Ship propulsion.
650 #0 - SUBJECT ADDED ENTRY--TOPICAL TERM
Topical term or geographic name as entry element Marine engines
General subdivision Safety measures.
650 #7 - SUBJECT ADDED ENTRY--TOPICAL TERM
Topical term or geographic name as entry element TRANSPORTATION / Ships & Shipbuilding / Repair & Maintenance
Source of heading or term bisacsh
650 #7 - SUBJECT ADDED ENTRY--TOPICAL TERM
Topical term or geographic name as entry element TECHNOLOGY / Machinery
Source of heading or term bisacsh
856 40 - ELECTRONIC LOCATION AND ACCESS
Uniform Resource Identifier <a href="https://www.taylorfrancis.com/books/9781003321095">https://www.taylorfrancis.com/books/9781003321095</a>
856 42 - ELECTRONIC LOCATION AND ACCESS
Uniform Resource Identifier <a href="http://www.oclc.org/content/dam/oclc/forms/terms/vbrl-201703.pdf">http://www.oclc.org/content/dam/oclc/forms/terms/vbrl-201703.pdf</a>
904 ## - LOCAL DATA ELEMENT D, LDD (RLIN)
CATALOGER Rudra Ranjan
905 ## - LOCAL DATA ELEMENT E, LDE (RLIN)
VERIFIER Rudra Ranjan
942 ## - ADDED ENTRY ELEMENTS (KOHA)
Item type E-Book
588 ## -
-- OCLC-licensed vendor bibliographic record.

No items available.



Copyright © All Rights Reserved by Indian Maritime University, Kochi Campus.
For any Suggestions/Query Contact to library or Email: library.kochi@imu.ac.in Ph:(0484)-2989402
(Web OPAC Designed by Rudra Ranjan. Maintained by IMU Kochi Library)

Powered by Koha